Taraptamapaughasutra-krodarthavada of Ramabhadra Diksita (Record no. 20048)

MARC details
000 -LEADER
fixed length control field 00824nam a22002057a 4500
008 - FIXED-LENGTH DATA ELEMENTS--GENERAL INFORMATION
fixed length control field 081217t xxu||||| |||| 00| 0 eng d
010 ## - LCCN (DPL NO)
LC control number ENG-92233
020 ## - INTERNATIONAL STANDARD BOOK NUMBER
Terms of availability 35.00
International Standard Book Number 8185141525
035 ## - SYSTEM CONTROL NUMBER
System control number EN-75766
037 ## - SOURCE OF ACQUISITION
Source of stock number/acquisition DBAD / PUB
040 ## - CATALOGING SOURCE
Original cataloging agency dpl
Language of cataloging English
082 ## - DEWEY DECIMAL CLASSIFICATION NUMBER
Classification number 181.42
245 ## - TITLE STATEMENT
Title Taraptamapaughasutra-krodarthavada of Ramabhadra Diksita
Statement of responsibility, etc edited by N.Sowrirajan
260 ## - PUBLICATION, DISTRIBUTION, ETC. (IMPRINT)
Name of publisher, distributor, etc The Adyar Library and Research Centre
Date of publication, distribution, etc 2007
Place of publication, distribution, etc Chennai
300 ## - PHYSICAL DESCRIPTION
Extent 14p.
Dimensions 21cm (pbk)
490 ## - SERIES STATEMENT
Series statement The Adyar Library Pamphlet series; No.6
500 ## - GENERAL NOTE
General note Includes bibliographical references and notes
942 ## - ADDED ENTRY ELEMENTS (KOHA)
Source of classification or shelving scheme Dewey Decimal Classification
Item type English Books
Call number suffix TAR
Classification part 181.42
Holdings
Withdrawn status Lost status Source of classification or shelving scheme Damaged status Not for loan Collection code Home library Current library Date acquired Source of acquisition Cost, normal purchase price Total Checkouts Full call number Barcode Date last seen Copy number Cost, replacement price Koha item type
    Dewey Decimal Classification   Not For Loan Non-fiction D.B.Act.Division D.B.Act.Division 17/12/2008 DBAD / PUB 35.00   181.42 TAR EN-75766 17/12/2008 1 35.00 English Books

© Delhi Public Library
Hit Counter
free hit counter